000 00846 a2200217 4500
003 Nust
005 20220727150001.0
010 _a 98088327
020 _a0672315289
040 _cNust
082 _a004.563,NOR
100 1 _aNorton, Peter,
_95031
245 1 0 _aPeter Norton's complete guide to Norton SystemWorks 2.0 /
_cPeter Norton, Scott H.A. Clark.
246 3 _aComplete guide to Norton SystemWorks 2.0
260 _aIndianapolis, Ind. :
_bSams Publishing,
_cc1999.
300 _axvi, 560 p. :
_bill. ;
_c24 cm.
505 _aPart-1: Introduction to Norton Systems Works (Page-1),Part-II: Protection and Prevention (Page-31), Part.III: Recovery (Page-227), Part-IV: Optimization and Customization (Page-363).
650 0 _aUtilities (Computer programs)
_936637
700 1 _aClark, Scott H.
_995531
942 _2ddc
_cBK
_k004.563,NOR
999 _c176056
_d176056